MARC

LEADER 00000nam0a2200000 4500
001 291690
005 20231102000420.0
020 |a RU  |b 83-90876 
035 |a (RuTPU)RU\TPU\book\316269 
090 |a 291690 
100 |a 20150416d1983 km y0rusy5003 ca 
101 0 |a rus 
102 |a RU 
105 |a a z 001zy 
200 1 |a Оптимизация надежности АСУ ТП при проектировании  |f Л. М. Коган 
210 |a Москва  |c Энергоатомиздат  |d 1983 
215 |a 137 с.  |c ил.  |d 20 см 
320 |a Библиогр.: с. 134-136 
606 1 |a Автоматизированные системы управления технологическими процессами  |x Проектирование  |x Математические методы  |2 stltpush  |3 (RuTPU)RU\TPU\subj\739  |9 29551 
610 1 |a разработка 
610 1 |a управление 
610 1 |a надежность 
610 1 |a функциональные подсистемы 
610 1 |a многофункциональные системы 
675 |a 658.512.4.011.56.001  |z rus  |v 3 
700 1 |a Коган  |b Л. М.  |g Леонид Маркович  |4 070 
801 0 |a RU  |b RuMRKP  |c 19950704  |g psbo 
801 1 |a RU  |b 63413507  |c 20150416 
801 2 |a RU  |b 63413507  |c 20180416  |g RCR 
942 |c BK